Elections in india 1952-96 : (Record no. 155424)
[ view plain ]
| 000 -LEADER | |
|---|---|
| fixed length control field | 00698nam a22002177a 4500 |
| 005 - DATE AND TIME OF LATEST TRANSACTION | |
| control field | 20180803163735.0 |
| 010 ## - LCCN (DPL NO) | |
| LC control number | A-821038 |
| 020 ## - INTERNATIONAL STANDARD BOOK NUMBER | |
| Terms of availability | 160.00 |
| International Standard Book Number | 8185402833 |
| 035 ## - SYSTEM CONTROL NUMBER | |
| System control number | A-821038 |
| 037 ## - SOURCE OF ACQUISITION | |
| Source of stock number/acquisition | BPPD/PUB |
| 082 ## - DEWEY DECIMAL CLASSIFICATION NUMBER | |
| Classification number | 324.60954 |
| Item number | AGA |
| 100 ## - MAIN ENTRY--PERSONAL NAME | |
| Personal name | Aggarwal, J. C. |
| 245 ## - TITLE STATEMENT | |
| Title | Elections in india 1952-96 : |
| Statement of responsibility, etc | by J. C. Aggarwal [and] N. K. Chowdhry |
| Remainder of title | constituency profiles, results and analysis focussing poll 1996 |
| 246 ## - VARYING FORM OF TITLE | |
| Remainder of title | |
| 260 ## - PUBLICATION, DISTRIBUTION, ETC. (IMPRINT) | |
| Name of publisher, distributor, etc | Shipra Publications |
| Date of publication, distribution, etc | 1996 |
| Place of publication, distribution, etc | Delhi |
| 270 ## - ADDRESS | |
| Address | 115A, vikas marg, shakarpur |
| City | Delhi |
| Postal code | 110092 |
| 300 ## - PHYSICAL DESCRIPTION | |
| Extent | xi, 300p.: |
| Dimensions | 25cm(Pb) |
| 500 ## - GENERAL NOTE | |
| General note | includes index |
| 700 ## - ADDED ENTRY--PERSONAL NAME | |
| Personal name | Chowdhry, N K |
| 942 ## - ADDED ENTRY ELEMENTS (KOHA) | |
| Source of classification or shelving scheme | Dewey Decimal Classification |
| Item type | English Books |
| Classification part | 324.60954 |
| Call number suffix | AGA |
| Withdrawn status | Lost status | Not for loan | Collection code | Home library | Current library | Date acquired | Source of acquisition | Cost, normal purchase price | Full call number | Barcode | Cost, replacement price | Koha item type |
|---|---|---|---|---|---|---|---|---|---|---|---|---|
| Non-fiction | Shahdara Branch | Shahdara Branch | 03/08/2018 | BPPD/PUB | 160.00 | 324.60954 AGA | A-821038 | 160.00 | English Books |
